[Event "Faxe Dags EMT 2015"]
[Site "Faxe"]
[Date "2015.05.27"]
[Round "7"]
[White "Wehlast, Svend Erik"]
[Black "Hansen, Aage"]
[Result "1/2-1/2"]
[WhiteElo "1388"]
[BlackElo "1686"]
[PlyCount "123"]
[EventDate "2015.??.??"]

1. Nf3 d5 2. d4 Bf5 3. e3 Nf6 4. Bd3 Bg4 5. h3 Bh5 6. Be2 e6 7. O-O Be7 8. Nbd2
Nbd7 9. c4 O-O 10. c5 c6 11. b4 Ne4 12. Bb2 b5 13. Nb3 Ndf6 14. Ne5 Bxe2 15.
Qxe2 Rc8 16. Na5 Qc7 17. Naxc6 a6 18. Rac1 Ne8 19. Nxe7+ Qxe7 20. a3 f6 21. Nd3
Rc6 22. Ra1 g6 23. a4 bxa4 24. Rxa4 Qb7 25. Qe1 Nc7 26. Nc1 Qb5 27. Ra5 Qc4 28.
Na2 Qc2 29. Qc1 Qe2 30. Nc3 Nxc3 31. Bxc3 Rb8 32. Qa1 Qc4 33. Rc1 Qd3 34. Be1
Kf7 35. Rd1 Qe4 36. Qb1 Qh4 37. Qc2 f5 38. Qa4 Rb5 39. Ra1 Qe7 40. Qd1 Rxa5 41.
Rxa5 Nb5 42. Qa4 Qb7 43. Qa1 h5 44. Qd1 Rc8 45. f4 Ra8 46. Qf3 Na7 47. Qe2 Nc6
48. Ra4 Ra7 49. Kh2 Qb5 50. Qxb5 axb5 51. Rxa7+ Nxa7 52. Kg3 Nc6 53. Kf3 Kf6
54. g4 hxg4+ 55. hxg4 Kf7 56. g5 Ke7 57. Ke2 Kd7 58. Kd3 Kc7 59. Kc3 Nb8 60.
Bg3 Kc6 61. Bh2 Na6 62. Bg3 1/2-1/2

[Event "Faxe Dags EMT 2015"]
[Site "Faxe"]
[Date "2015.05.27"]
[Round "7"]
[White "Mathiasen, Gunnar"]
[Black "Larsen, Paul M"]
[Result "1-0"]
[WhiteElo "1340"]
[BlackElo "1165"]
[PlyCount "105"]
[EventDate "2015.??.??"]

1. e4 c6 2. Nf3 d5 3. exd5 Qxd5 4. Nc3 Qd8 5. Bc4 g6 6. Ne5 e6 7. Qf3 Qf6 8.
Qe2 Nh6 9. O-O Bg7 10. Nf3 O-O 11. Ne4 Qd8 12. c3 Nf5 13. d4 h6 14. h3 Ne7 15.
Nc5 Nd5 16. Ne5 Kh7 17. Bd3 Qe8 18. Ne4 Nd7 19. Nxd7 Bxd7 20. Ng3 e5 21. dxe5
Bxe5 22. Qf3 f5 23. c4 Ne7 24. Re1 Bxg3 25. Qxg3 Qf7 26. Qe3 Rae8 27. Qxh6+ Kg8
28. Bg5 Qh7 29. Qxh7+ Kxh7 30. Rxe7+ Rxe7 31. Bxe7 Re8 32. Bg5 b6 33. Rd1 c5
34. Kf1 Bc6 35. Be2 Bxg2+ 36. Kxg2 Rxe2 37. Rd2 Re4 38. b3 Kg8 39. Kf3 Rd4 40.
Rxd4 cxd4 41. Bf6 d3 42. Ke3 d2 43. Kxd2 Kf7 44. Be5 a6 45. a4 Ke6 46. Bd4 b5
47. axb5 axb5 48. cxb5 Kd6 49. Kd3 Kc7 50. f4 Kb7 51. h4 Kb8 52. Kc4 Kb7 53.
Kd5 1-0

[Event "Faxe Dags EMT 2015"]
[Site "Faxe"]
[Date "2015.05.27"]
[Round "7"]
[White "Meldal, Peter"]
[Black "Lindskov, Villy"]
[Result "0-1"]
[WhiteElo "1078"]
[BlackElo "1839"]
[PlyCount "90"]
[EventDate "2015.??.??"]

1. f4 Nf6 2. Nf3 b6 3. e3 Bb7 4. Be2 c5 5. O-O g6 6. b3 Bg7 7. Bb2 O-O 8. d3 d5
9. c4 Nc6 10. cxd5 Nxd5 11. Qd2 Bxb2 12. Qxb2 Nxe3 13. Rf2 Qd7 14. Nc3 f6 15.
Qd2 Nf5 16. Rd1 Rad8 17. Rff1 Ncd4 18. Kh1 Nxf3 19. Bxf3 Bxf3 20. Rxf3 Kg7 21.
Ne4 Qd4 22. Ng3 Nxg3+ 23. Rxg3 e5 24. fxe5 Qxe5 25. Re3 Qd6 26. Rde1 Rf7 27.
Re6 Qxd3 28. Qxd3 Rxd3 29. h3 Rd2 30. R6e2 Rxe2 31. Rxe2 Rd7 32. g4 Kf7 33. Kg2
Rd3 34. Kh2 f5 35. gxf5 gxf5 36. Kg2 Kf6 37. h4 Rd4 38. Kg3 h5 39. Kh3 f4 40.
Kg2 Kf5 41. Kf3 Rd3+ 42. Kf2 Kg4 43. Re4 Rd2+ 44. Kg1 Kg3 45. Re5 Rd1+ 0-1

[Event "Faxe Dags EMT 2015"]
[Site "Faxe"]
[Date "2015.05.27"]
[Round "7"]
[White "Nielsen, Kurt Sogaard"]
[Black "Hansen, Borge"]
[Result "1/2-1/2"]
[WhiteElo "1619"]
[BlackElo "1430"]
[PlyCount "117"]
[EventDate "2015.??.??"]

1. d4 d5 2. c4 dxc4 3. Nc3 e6 4. e4 Nf6 5. Bxc4 Be7 6. Nf3 O-O 7. O-O Nbd7 8.
Bf4 a6 9. a4 Nb6 10. Bb3 c5 11. a5 Nbd7 12. e5 Nh5 13. Be3 g6 14. d5 exd5 15.
Qxd5 Nb8 16. Qxd8 Rxd8 17. Nd5 Nc6 18. Nxe7+ Nxe7 19. Bxc5 Nc6 20. Bd6 Ng7 21.
Ng5 Ne6 22. Nxe6 Bxe6 23. Bxe6 fxe6 24. b4 Rd7 25. Rfd1 Rad8 26. f4 Nxb4 27.
Ra4 Nc6 28. Rd3 Rf7 29. h4 Ne7 30. Rb3 Nf5 31. g3 Nxd6 32. Rd4 Rfd7 33. exd6
Rxd6 34. Rxd6 Rxd6 35. Rxb7 Rd5 36. Rb6 Rxa5 37. Rxe6 Ra1+ 38. Kg2 a5 39. Kh3
a4 40. Kg4 a3 41. Re7 a2 42. Ra7 Kf8 43. Kg5 Rg1 44. Rxa2 Rxg3+ 45. Kf6 Ke8 46.
Ra8+ Kd7 47. Ra7+ Kd6 48. Rxh7 Rg4 49. f5 gxf5 50. Kxf5 Rg1 51. h5 Rf1+ 52. Kg6
Ke6 53. h6 Rg1+ 54. Kh5 Kf6 55. Rh8 Rh1+ 56. Kg4 Rg1+ 57. Kh3 Rh1+ 58. Kg2 Rh5
59. h7 1/2-1/2

[Event "Faxe Dags EMT 2015"]
[Site "Faxe"]
[Date "2015.05.27"]
[Round "7"]
[White "Nielsen, Flemming"]
[Black "Alic, Ohran"]
[Result "0-1"]
[WhiteElo "1650"]
[BlackElo "1582"]
[PlyCount "74"]
[EventDate "2015.??.??"]

1. e4 e6 2. d4 d5 3. Nd2 dxe4 4. Nxe4 Nf6 5. Bd3 Nc6 6. c3 e5 7. Ne2 exd4 8.
cxd4 Bb4+ 9. N4c3 O-O 10. O-O Bg4 11. f3 Bh5 12. Kh1 Bg6 13. Bc4 Na5 14. Bd3
Bxd3 15. Qxd3 c5 16. Be3 Re8 17. Ne4 Nxe4 18. fxe4 cxd4 19. Nxd4 Nc6 20. Qc4
Qe7 21. Nxc6 bxc6 22. Rf4 Bd6 23. Rg4 Qe6 24. Qe2 f5 25. Rh4 fxe4 26. b3 Qf6
27. Qh5 Qxa1+ 28. Bg1 h6 29. Rg4 Qf6 30. Rg6 Qf4 31. g3 Qf3+ 32. Qxf3 exf3 33.
Rxd6 Re1 34. Rd2 Rf8 35. Rf2 Rd8 36. Rxf3 Rdd1 37. Kg2 Rxg1+ 0-1

[Event "Faxe Dags EMT 2015"]
[Site "Faxe"]
[Date "2015.05.27"]
[Round "7"]
[White "Nielsen, Ib"]
[Black "Christoffersen, Per"]
[Result "0-1"]
[WhiteElo "1395"]
[BlackElo "1609"]
[PlyCount "76"]
[EventDate "2015.??.??"]

1. e4 e6 2. Nf3 d5 3. exd5 exd5 4. d3 Bd6 5. Be2 c5 6. Nc3 Ne7 7. O-O a6 8. Bg5
f6 9. Bh4 O-O 10. h3 Nbc6 11. Nh2 Nf5 12. Nf3 Bc7 13. g4 Nxh4 14. Nxh4 Qd6 15.
f4 g5 16. Ng2 Nd4 17. Qd2 Re8 18. Rae1 Bd7 19. Nd1 Rxe2 20. Rxe2 Nxe2+ 21. Qxe2
Re8 22. Qf3 Bc6 23. Nde3 d4 24. Nf5 Qd8 25. Qg3 Bxg2 26. Kxg2 Re2+ 27. Kg1 Bxf4
28. Rxf4 gxf4 29. Qxf4 Qe8 30. Nh6+ Kg7 31. Nf5+ Kh8 32. Qh6 Qf7 33. Nd6 Qg7
34. Qh5 Qg6 35. Qd5 Rxc2 36. Nf5 Qe8 37. Ng3 Qe3+ 38. Kh1 Qe1+ 0-1

[Event "Faxe Dags EMT 2015"]
[Site "Faxe"]
[Date "2015.05.27"]
[Round "7"]
[White "Christoffersen, Ib"]
[Black "Adrian, Michael"]
[Result "0-1"]
[WhiteElo "1363"]
[BlackElo "1458"]
[PlyCount "87"]
[EventDate "2015.??.??"]

1. d4 d5 2. Bf4 e6 3. e3 c5 4. Nf3 Qb6 5. b3 Nc6 6. Be2 cxd4 7. exd4 Nf6 8. O-O
Bd7 9. a3 Rc8 10. Nc3 Nxd4 11. Qxd4 Qxd4 12. Nxd4 Rxc3 13. Bd3 a6 14. a4 Be7
15. Be5 Rc8 16. Nf3 O-O 17. h3 h6 18. Rac1 Bc6 19. Bd4 Nd7 20. Rfe1 Bf6 21.
Bxf6 Nxf6 22. Ne5 Nd7 23. Ng4 Rfe8 24. Re3 f5 25. Nh2 g6 26. Rce1 e5 27. Rg3
Kf7 28. c3 e4 29. Bc2 f4 30. Rg4 g5 31. h4 Ne5 32. hxg5 Nxg4 33. Nxg4 hxg5 34.
Rd1 Ke6 35. Rd4 Rh8 36. f3 e3 37. g3 Rcf8 38. Kg2 Rhg8 39. Rd1 Rh8 40. Re1 Rd8
41. Nh2 d4 42. g4 d3 43. Bb1 d2 44. Bf5+ 0-1

[Event "Faxe Dags EMT 2015"]
[Site "Faxe"]
[Date "2015.05.27"]
[Round "7"]
[White "Eriksen, Knud Ejler"]
[Black "Andersen, Hans Poul"]
[Result "1/2-1/2"]
[WhiteElo "1184"]
[BlackElo "1330"]
[PlyCount "83"]
[EventDate "2015.??.??"]

1. e4 e5 2. Nc3 d6 3. d3 h6 4. h3 Nf6 5. Nge2 Nc6 6. f4 exf4 7. Bxf4 Be7 8. Qd2
Nh5 9. Bh2 Bg5 10. Nf4 Bh4+ 11. Kd1 Ng3 12. Rg1 Qg5 13. Ncd5 O-O 14. Nxc7 Rb8
15. Ncd5 Bd7 16. c4 Qe5 17. Kc2 Rbc8 18. Rd1 Nd4+ 19. Kb1 Rfe8 20. Qe3 Nxf1 21.
Rgxf1 Bg5 22. Bg1 Ne6 23. g3 Bxf4 24. gxf4 Qh5 25. f5 Nc5 26. Qg3 Qg5 27. Qxd6
Bc6 28. Qxc5 Ba4 29. Qxa7 Bxd1 30. Rxd1 Qh5 31. Rc1 Qxh3 32. Qxb7 Qxd3+ 33. Ka1
Qxe4 34. Qd7 Rxc4 35. Nc3 Qc6 36. Qd3 Qc8 37. b3 Rg4 38. Rf1 Rd8 39. Qc2 Qc6
40. Kb2 Qh1 41. Ne2 Re8 42. Qd1 1/2-1/2

[Event "Faxe Dags EMT 2015"]
[Site "Faxe"]
[Date "2015.05.27"]
[Round "7"]
[White "Nielsen, Henning Sogaard"]
[Black "Jakobsen, Henning"]
[Result "0-1"]
[WhiteElo "1172"]
[BlackElo "1393"]
[PlyCount "54"]
[EventDate "2015.??.??"]

1. d4 Nf6 2. c4 g6 3. Nf3 d6 4. e3 Bg7 5. Bd3 Nc6 6. Bd2 Bg4 7. Bc3 O-O 8. h3
Bxf3 9. Qxf3 e5 10. O-O Nd7 11. Be4 exd4 12. Bxc6 Ne5 13. Qd1 dxc3 14. Nxc3
Nxc6 15. a3 Na5 16. Qd5 Nb3 17. Rab1 c6 18. Qd1 Nc5 19. Qc2 Bxc3 20. Qxc3 f5
21. Rfd1 Qf6 22. Qc2 Rad8 23. b4 Ne4 24. c5 d5 25. Rd4 f4 26. b5 fxe3 27. f3
Qxd4 0-1